Normal view MARC view
  • Sharma A

Entry Personal Name

Number of records used in: 38

001 - CONTROL NUMBER

  • control field: 107557

003 - CONTROL NUMBER IDENTIFIER

  • control field: OSt

005 - DATE AND TIME OF LATEST TRANSACTION

  • control field: 20230125043155.0

008 - FIXED-LENGTH DATA ELEMENTS

  • fixed length control field: 230125|| aca||aabn | a|a d

040 ## - CATALOGING SOURCE

  • Original cataloging agency: OSt
  • Transcribing agency: OSt

100 ## - HEADING--PERSONAL NAME

  • Personal name: Sharma A

670 ## - SOURCE DATA FOUND

  • Source citation: Work cat.: (OSt)84596: Sharma A, Astronaut Sunita Williams Achiever Extraordinaire, 2007